| 000 | 01012nam a2200265Ia 4500 | ||
|---|---|---|---|
| 003 | OSt | ||
| 005 | 20220923211246.0 | ||
| 006 | a|||||r|||| 00| 0 | ||
| 007 | ta | ||
| 008 | 220922b |||||||| |||| 00| 0 hin d | ||
| 020 |
_a9788178542393 (hbk) _c1200 |
||
| 024 | _a274,366 | ||
| 037 |
_b139, 04/09/2013, Eastern Book Linkers _cTextual |
||
| 040 |
_aARTS _cARTS _bhin |
||
| 041 |
_2hin _ahin |
||
| 082 | _aO15,1N49:g, 152Q3 | ||
| 100 | _aपाण्डेय, रमाकान्त | ||
| 245 | 0 | _aराधावल्लभ की समीक्षा परम्परा | |
| 246 | _aRādhāvallabh kī samīkṣhā paramparā | ||
| 260 |
_aदिल्ली _b ईस्टर्न बुक लिंकर्स _c2013 |
||
| 300 |
_a351पृ. _ccm. |
||
| 650 | _aसंस्कृत साहित्य | ||
| 942 |
_hO15,1N49:g, 152Q3 _cTEXL _2CC |
||
| 999 |
_c297817 _d297817 |
||